01246nab a22002057a 4500003000400000005001700004008004100021040000700062100002200069245013100091260007300222300001500295500004500310505036200355505008900717650002900806650002700835650003400862773014400896OSt20251215113041.0190604e xxu||||| |||| 00| 0 spa d cPJ aRaschetti, Franco10aBalance y prospectiva en materia de defensa del consumidor. A diez años del Código Civil y Comercial / cFranco Raschetti. aCiudad Autónoma de Buenos Aires :bThomson Reuters La Ley, c2025. ap. 193-206 aCita Online: TR LALEY AR/DOC/1966/2025.  aSumario: I. El método de la regulación legal tras la sanción del Código Civil y Comercial.— II. Algunas soluciones relevantes del Código Civil y Comercial. — III. Algunas polémicas o cuestiones irresolutas instaladas tras la sanción del Código Civil y Comercial.— IV. Ecos en el derecho público provincial.— V. A modo de colofón. t¿Te interesa el texto completo? Solicitalo al correo: koha@justierradelfuego.gov.ar 0aCODIGO CIVIL Y COMERCIAL 0aDEFENSA DEL CONSUMIDOR 0aLEY DE DEFENSA DEL CONSUMIDOR0 02714dCiudad Autónoma de Buenos Aires : Thomson Reuters La Ley, 2014-tRevista anales de legislación argentina. Nº 11- Noviembre 2025.